000 01075nam a22002777a 4500
999 _c119342
_d119342
003 dpl
005 20200120120002.0
008 200120b ||||| |||| 00| 0 eng d
010 _aA-732315
020 _c250.00
_a8173151008
035 _aA-732315,B-187371
037 _bCen Lib/Ret
040 _aDPL
_bHN
_c0
082 _a392.5
_bसहाय
100 _aसहाय, प्रेम
_9133971
245 _aहिन्दू विवाह संस्कार /
_cप्रेम सहाय
246 _aHindu vivah sanskar /
_bby Prem Sahay
260 _aदिल्ली
_bप्रभात प्रकाशन
_c1995
270 _aचावड़ी बाजार
_bदिल्ली
_e110006
300 _a160पृ.
_c23सेमी(सजिल्द)
650 _aहिन्दू -- संस्कार
_9133972
650 _aहिन्दू -- रीति रिवाज़
_944517
650 _aHindu - Rites
_984440
650 _aHindu - customs
_984441
942 _2ddc
_cHN
_h392.5
_mसहाय